| 000 | 00000nam##2200000za#4500 |
| 001 | 9.624353 |
| 003 | CaOODSP |
| 005 | 20200327180436 |
| 007 | ta |
| 008 | 150406|1996||||xxc||||| f|0| 0 fre|d |
| 020 | |a0-662-82085-1 |
| 040 | |aCaOODSP|bfre |
| 043 | |an-cn--- |
| 086 | 1 |aF21-4/96-5F |
| 110 | 1 |aCanada. |bMinistère des finances. |
| 245 | 10|aL'intégration des impôts des sociétés et des particuliers en Europe : |ble rôle des impôts minimums sur les versements de dividendes / |cpar Michael P. Devereux. |
| 260 | |aOttawa - Ontario : |bFinances Canada |c1996. |
| 300 | |a32p. : |bréférences, tableaux ; |c28 cm. |
| 490 | 1 |aDocument de travail|v96-5 |
| 500 | |a«L'étude porte sur les impôts minimums appliqués aux dividendes dans le cadre des systèmes d'imputation en France, en Allemagne, en Italie et au Royaume-Uni.»--Résumé. |
| 520 | 3 |aL'étude porte sur les impôts minimums appliqués aux dividendes dans le cadre des systèmes d'imputation en France, en Allemagne, en Italie et au Royaume-Uni.--Résumé |
| 563 | |aCouverture souple |
| 590 | |a97-18|b1997-05-02 |
| 691 | 07|aImpôt|2gcpds |
| 691 | 07|aEntreprise|2gcpds |
| 691 | 07|aImputabilité|2gcpds |
| 720 | 1 |aDevereux, Michael P. |
| 775 | 08|tThe integration of corporate and personal taxes in Europe : |w(CaOODSP)9.613806 |
| 776 | 0#|tL'intégration des impôts des sociétés et des particuliers en Europe : |w(CaOODSP)9.602714 |
| 830 | #0|aDocument de travail ;|v96-5|w(CaOODSP)9.513002 |